000 00312nam a22001217a 4500
008 250703b |||||||| |||| 00| 0 eng d
020 _a9780230661369
050 _aPM 2053
_b.M66
100 _aMonta Marian F
245 _aDirecting for Stage and Screen
650 _aTheatre production and direction
942 _cBK
999 _c4088
_d4088